Lanean...
SYSTEMATIC STUDIES IN POLYGONACEAE OF KASHMIR HIMALAYA
| Egile nagusia: | |
|---|---|
| Formatua: | Printed Book |
| Argitaratua: |
INDIA
SCITIFIC PUBLISHERS
1986
|
| Gaiak: |
| LEADER | 00585nam a2200205 4500 | ||
|---|---|---|---|
| 020 | |||
| 037 | |||
| 082 | |a 578.012 MUN | ||
| 100 | |a MUNSHI A.H. and JAVEID G.N. | ||
| 245 | |a SYSTEMATIC STUDIES IN POLYGONACEAE OF KASHMIR HIMALAYA |h English | ||
| 250 | |||
| 260 | |a INDIA |b SCITIFIC PUBLISHERS |c 1986 | ||
| 300 | |a 215 |f HB | ||
| 500 | |||
| 590 | |||
| 630 | |||
| 650 | |a SYSTEMATIC STUDIES IN POLYGONACEAE OF KASHMIR HIMALAYA | ||
| 942 | |c TB | ||
| 999 | |c 170923 |d 170923 | ||
| 952 | |0 0 |1 0 |4 0 |6 578_012000000000000_MUN |7 0 |9 184357 |a BOT |b BOT |l 0 |o 578.012 MUN |p BOT6042 |r 2019-10-25 |w 2019-10-25 |y TB | ||